00318nam a2200121Ia 4500003000400000008004100004040001600045082001500061245006400076260004000140300001100180490000500191GCL140319s9999 xx 000 0 ara d aGCL / cGCL04a243bج م10aالملائكة حقيقتهم وجودهم صفاتهم a[S.N] : bجروس برس ، c1991 a160 ص a